000
00291nam a2200109Ia 4500
008
230907s9999||||xx |||||||||||||| ||und||
082
_a
621.3745,WER
100
_a
Weranga, K. S. K.,
_9
115115
245
0
_a
Smart metering design and applications /
300
_a
xii, 141 pages :
942
_c
BK
999
_c
597833
_d
597833